000 00355nam a2200157Ia 4500
003 0STCL
008 150530s9999 xx 000 0 und d
040 _aSTCL
_cSTCL
100 _aBhide, V.G.
245 _aMossbauer effect and its applications
260 _c1973
546 _aEnglish
942 _2ddc
_cBK
999 _c32118
_d32118
005 20220125170236.0